Vallgorguina : recull de noms antics i moderns / Enric Garcia-Pey recull de noms antics i moderns / Enric Garcia-Pey
ISBN:
84-930612-0-4
Descripción Física:
XIX, 437 p. : il. ; 27 cm
Materias:
Topònims -- Vallgorguina
MARC
| LEADER | 00000nam a2200000Ia 4500 | ||
|---|---|---|---|
| 001 | 17588 | ||
| 008 | 160829s1999 xx 000 0 cat d | ||
| 020 | |a 84-930612-0-4 | ||
| 080 | |a H-2-333 | ||
| 100 | |a Garcia-Pey, Enric |9 23332 | ||
| 245 | |a Vallgorguina : |b recull de noms antics i moderns / Enric Garcia-Pey | ||
| 260 | |a Vallgorguina : |b Associació Cultural de Vallgorguina, |c 1999 | ||
| 300 | |a XIX, 437 p. : |b il. ; |c 27 cm | ||
| 490 | |a Publicacions de l'Associació Cultural Vallgorguina ; 18 | ||
| 590 | |a Bibliografia. | ||
| 590 | |a Índex | ||
| 650 | |a Topònims |x Vallgorguina |9 24746 | ||
| 901 | |a Arxiu | ||
| 942 | |n 1 | ||
| 952 | |0 0 |1 0 |4 0 |6 H2333 |7 1 |9 43300 |a Arxiu |b Arxiu |d 2016-12-01 |l 0 |o H-2-333 |p 17588 |r 2016-12-01 00:00:00 |w 2016-12-01 |y ARXIU | ||
| 999 | |c 45845 |d 45845 | ||